| 000 | 01040nas a2200361 4500 | ||
|---|---|---|---|
| 001 | BR0400008 | ||
| 003 | BR-BrBNA | ||
| 005 | 20231205104235.0 | ||
| 007 | ta | ||
| 008 | 230509b bl.|||p| |||| 00| 00por d | ||
| 040 |
_aBR-BrBNA _bpor _cBiblioteca Nacional de Agricultura |
||
| 041 | _a(Pt) | ||
| 072 | _aL51 | ||
| 100 | 1 | _aSalles, M.S.V. | |
| 100 | 1 | _aZanetti, M.A. | |
| 100 | 1 | _aDel Claro, G.R. | |
| 100 | 1 | _aNetto, A.S. | |
| 100 | 1 | _aFranzolin, R. | |
| 245 | 1 | _aAvaliação de colheita de líquido ruminal por fístula ou sonda esofágica em bovinos | |
| 650 | _aBOVINO | ||
| 650 | _aRÚMEN | ||
| 650 | _aLÍQUIDO | ||
| 650 | _aFÍSTULA | ||
| 650 | _aÁCIDO GRAXO VOLÁTIL | ||
| 650 | _aMINERAL | ||
| 650 | _aNITROGÊNIO | ||
| 650 | _aPH | ||
| 650 | _aNUTRIÇÃO | ||
| 650 | _aMETABOLISMO ANIMAL | ||
| 773 | 0 |
_tArquivo Brasileiro de Medicina Veterinária e Zootecnia (Brazil) _xISSN 0102-0935 _g(Aug-2003), v. 55(4) p. 438-442 _wBR0400008 |
|
| 909 |
_a202311 _bLúcia _c55 _dLúcia Elande |
||
| 942 |
_2AGRIS _n0 _cANA |
||
| 999 |
_c177107 _d177107 |
||